00301nam a2200121Ia 4500008004100000100001600041245002800057260005000085300000900135650001300144942000700157999001500164190216s9999||||xx |||||||||||||| ||und|| aKothari C R 0aQuantitative Techniques bCalicut University Central Co-Operativec1978 a527p aCommerce cBK c5773d5773